Quizzes
Events
Quiz Creation
Community
Videos
Private Events
Remove Ads
Sign In
Join for FREE
Feedback
Dark Mode
Quiz Categories
Sports
Geography
Music
Movies
Television
Just For Fun
Miscellaneous
History
Literature
Language
Science
Gaming
Entertainment
Religion
Holiday
For Kids
Quiz Lab
Recent
Popular Today
Quiz Kudos Today
Editor Picks
Curator Picks
Quizzes by...
Day
Popularity
Type
Ratings
Length
Year
Community
Subscriptions
Recent Discussions
Orange Saloon
Badges
Playlists
Quests
Create
Leaderboards
Showdown
Live 5
Trivia Bingo
Activity
Puzzle Library
Sporcle Events
Private Events
Virtual Trivia
Globe League
Become a Host
Pub Owners
SporcleCon
Opinionation
Our Games
Videos
Blog
Mobile Apps
Partnerships
Remove Ads and Go Orange
Feedback
Gaming
Video Games
Board Games
Card Games
Pokémon
Mario
Nintendo
Minecraft
Console
Toys
Legend of Zelda
Gaming
Video Games
Board Games
Card Games
Pokémon
Mario
Nintendo
Minecraft
Console
Toys
Legend of Zelda
Random Quiz
Search Sporcle
×
Quiz Lab
Quiz Lab
Gaming
Nintendo
Type in answers that appear in a list
Type in answers that appear in a list
Classic
Best Score? Go Orange.
Pokemon Moves in Generation V Stats
Can you name the Pokemon moves introduced in Generation V?
By
XYoshiaipomX
15m
92 Questions
331 Plays
331 Plays
331 Plays
Comments
Comments
Give Quiz Kudos
Give Quiz Kudos
-
- Ratings
hide this ad
More Info
Replay
Link that replays current quiz
Next Quiz
Link to next quiz in quiz playlist
You Got
0%
They Got
Avg Score
68%
Avg Friend Score
Upgrade to see
Score Distribution
Jump to the score distribution portion of the page
Score
0/92
Timer
15:00
0
Plays Today
Type
Move
% Correct
Fire
Fusion Flare
88.2%
Electric
Fusion Bolt
87.3%
Electric
Volt Switch
86.7%
Electric
Wild Charge
84.9%
Water
Water Pledge
84.6%
Fire
Fire Pledge
84.6%
Grass
Grass Pledge
84.3%
Fire
Blue Flare
84%
Fire
Flame Charge
83.4%
Dragon
Dragon Tail
83.1%
Electric
Bolt Strike
82.8%
Water
Scald
81.9%
Fighting
Sacred Sword
81.3%
Poison
Venoshock
80.7%
Ground
Bulldoze
80.4%
Bug
Struggle Bug
80.1%
Psychic
Psyshock
79.5%
Fire
Heat Crash
79.2%
Fighting
Secret Sword
78.5%
Ice
Glaciate
77.9%
Bug
Quiver Dance
77.6%
Fire
Incinerate
77.6%
Water
Razor Shell
77.3%
Fire
V-Create
77%
Poison
Sludge Wave
76.7%
Ice
Frost Breath
76.4%
Grass
Leaf Tornado
76.1%
Normal
Work Up
75.8%
Steel
Gear Grind
75.5%
Electric
Electro Ball
74.9%
Ghost
Hex
74%
Type
Move
% Correct
Fire
Fiery Dance
73.7%
Flying
Acrobatics
73.1%
Flying
Hurricane
72.5%
Ice
Ice Burn
72.5%
Ice
Icicle Crash
72.5%
Normal
Relic Song
71.9%
Electric
Electroweb
71.6%
Fire
Inferno
71.3%
Dragon
Dual Chop
71.3%
Fighting
Circle Throw
70.4%
Bug
Steamroller
70.4%
Fire
Flame Burst
70.1%
Ice
Freeze Shock
70.1%
Normal
Shell Smash
69.8%
Dark
Hone Claws
69.2%
Fire
Searing Shot
69.2%
Fighting
Storm Throw
68.9%
Steel
Shift Gear
68.6%
Dark
Night Daze
68.6%
Rock
Smack Down
68%
Rock
Wide Guard
67.4%
Poison
Coil
67.4%
Normal
Retaliate
67.4%
Normal
Techno Blast
66.5%
Fighting
Quick Guard
66.2%
Ground
Drill Run
66.2%
Poison
Acid Spray
65.3%
Psychic
Wonder Room
64.7%
Normal
Head Charge
64.4%
Flying
Sky Drop
64%
Normal
Round
63.1%
Type
Move
% Correct
Psychic
Magic Room
62.5%
Water
Soak
61.9%
Psychic
Psystrike
61.9%
Psychic
Heart Stamp
61.6%
Grass
Horn Leech
61.6%
Dark
Foul Play
61.3%
Poison
Clear Smog
60.4%
Steel
Autotomize
60.1%
Bug
Rage Powder
59.8%
Dark
Snarl
59.2%
Steel
Heavy Slam
56.8%
Normal
Tail Slap
56.5%
Fighting
Final Gambit
56.2%
Normal
Echoed Voice
55.9%
Dark
Quash
55.9%
Psychic
Synchronoise
55.6%
Fighting
Low Sweep
55.6%
Normal
Simple Beam
55.3%
Psychic
Power Split
55%
Psychic
Guard Split
54.1%
Psychic
Telekinesis
54.1%
Psychic
Heal Pulse
53.8%
Grass
Cotton Guard
51.4%
Psychic
Ally Switch
50.2%
Psychic
Stored Power
49.2%
Normal
After You
48.3%
Normal
Chip Away
48.3%
Normal
Entrainment
44.4%
Normal
Reflect Type
39.6%
Normal
Bestow
37.8%
Quiz Playlist
Details
Report
Send in Message
Add To Playlist
More Info:
Try to name all the new Pokemon attacks introduced in Generation V (Black and White)!
Classic:
Type in answers that appear in a list
Last Updated: Feb 16, 2017
Quiz Scoreboard
CHALLENGE
Sign Up to Join the Scoreboard
Show All
Scores
Hide
Comments
May contain spoilers
Recently Published
TV Characters by Other Roles V
by ghcgh
Television
5m
Decade Duel: World Leaders
by jenniferyan
History
4m
Alphabetical 'K' Countries by Flag Minefield
by ylime102
Geography
3m
More to Explore
Quiz From the Vault
Featured Blog Post
15 Basketball Trivia Facts You Can Be March Mad About
hide this ad
You Might Also Like...
Tags
Nintendo Quiz
Pokémon Quiz
attack
Gen 4
Generation
Generation 1
Generation 3
Moveset
Pokémon Moves
Today's Top Quizzes in Gaming
Browse Gaming
hide this ad
Today's Top Quizzes in Nintendo
Browse Nintendo
Top Contributed Quizzes in Gaming
1
Pokémon Gen IV Logic Puzzle (HARD)
2
HARD Pokemon Logic Puzzle
3
Rainbow Six Siege Operators by Picture
4
Genshin Impact Logic Puzzle
5
Order Genshin Impact characters by release date!
6
Honkai: Star Rail Technique Names Quiz
7
The Slinky Quiz
8
Persona 4 & 5 Social Link / Confidant Minefield
9
Mega Man or Metal Gear
10
Magic: the Gathering Set Symbols - LCI
Explore More
Trending Topics
Harry Potter
Crossword
Anime
NBA
Kpop
Disney
Marvel
NFL
The Office
Song
Soccer
Country
WWE
Puzzle
Pokémon
hide this ad
More By:
XYoshiaipomX
Quiz
Plays
Rating
Category
Featured
Created
Name the Hearthstone Cards by Quote
15,148
4.36
Gaming
Dec 10, 2013
Europa Universalis IV Nations By Flag
5,705
5.00
Gaming
Feb 22, 2015
Terraria Grab Bag
2,293
2.38
Gaming
Jul 23, 2011
All Hearthstone Class Cards
1,955
5.00
Gaming
Jan 5, 2014
Europa Universalis IV Countries: Europe
1,884
4.40
Gaming
Jun 1, 2016
Go to Creator's Profile
Score Distribution
Quiz Creator Spotlight
XYoshiaipomX
Follow
Send a Message
Quizzes Created
-
Created Quiz Play Count
-
More By This Creator
Popular Quizzes Today
1
Countries of Asia Without Outlines Minefield
2
Find the US States - No Outlines Minefield
3
Pick 6: Fruits
4
The Countries of the World
5
Find the Countries of Europe - No Outlines Minefield
6
Alphabetical 'K' Countries by Flag Minefield
7
US States
8
Find the US States
More Gaming Quizzes
Vowel Cut Toys
Published
Trending Quizzes
Pick 6: Mountains
Pick 6: Harry Potter
Pick 6: NFL Teams
Pick 6: Flags
C Names for Actors
Recently Updated
Adaptations: Name the Title
pecheneg
NWSL Teams
pecheneg
Women's Final Four Teams by Year
bhenderson79
Presidents Quartet II
eogle
Anything But Clue(do)
eogle
Anything But Oceanian Capitals
eogle
Anything But 7
eogle
Anything But Thing
eogle
Word Ladder: February 29
pecheneg
Song Title Questions
pecheneg
Trending Topics
Kpop
Crossword
Marvel
NBA
Harry Potter
Anime
Disney
Song
Pokémon
The Office
Puzzle
WWE
Soccer
NFL
Country
Your Account Isn't Verified!
In order to create a playlist on Sporcle, you need to verify the email address you used during registration. Go to your
Sporcle Settings
to finish the process.
Report this User
Report this user for behavior that violates our
Community Guidelines
.
Details:
Send Report
Go to the Sporcle.com Mobile Site →
Comments